MARC

LEADER 00000nam0a2200000 4500
001 227105
005 20231101230757.0
035 |a (RuTPU)RU\TPU\book\247504 
090 |a 227105 
100 |a 20121201d1960 m y0rusy50 ca 
101 0 |a rus 
102 |a UA 
105 |a a j 000zy 
200 1 |a Гидроэлектростанции. Основы использования водной энергии  |e учебное пособие для вузов  |f П. П. Аргунов 
210 |a Киев  |c Госстройиздат УССР  |d 1960 
215 |a 454 с.  |c ил. 
606 1 |a Гидроэлектрические станции  |2 stltpush  |3 (RuTPU)RU\TPU\subj\7095  |9 34826 
610 1 |a гидравлическая энергия 
610 1 |a водная энергия 
610 1 |a использование 
610 1 |a гидроэлектростанции 
610 1 |a гидроэнергетика 
610 1 |a гидроэнергетические ресурсы 
610 1 |a гидроэнергетические установки 
610 1 |a гидроэнергетическое строительство 
610 1 |a гидроэнергетические расчеты 
610 1 |a водосборные сооружения 
610 1 |a водоприемные сооружения 
610 1 |a деривационные гидроэлектростанции 
610 1 |a уравнительные резервуары 
610 1 |a турбинные водоводы 
610 1 |a проектирование 
610 1 |a учебные пособия 
675 |a 621.311.21(075.8)  |v 3 
700 1 |a Аргунов  |b П. П.  |g Павел Павлович 
801 1 |a RU  |b 63413507  |c 20121201 
801 2 |a RU  |b 63413507  |c 20130215  |g RCR 
942 |c BK